Como ganar dinero con las industrias rurales /

Guardado en:
Autor Principal: Ayala, Martín Emilio
Formato: Libro
Publicado: Barcelona : Sertebi, 1979
Materias:
Etiquetas: Agregar Etiqueta
Sin Etiquetas, Sea el primero en etiquetar este registro!
LEADER 00721nam a22002175a 4500
001 CEM.cems000765
005 20060210000000.0
008 130507s1979##################000#0#####d
003 CEMS
082 0 4 |a 338.1 
100 1 |a Ayala, Martín Emilio 
245 1 0 |a Como ganar dinero con las industrias rurales / 
260 |a Barcelona :  |b Sertebi,  |c 1979 
300 |a 195 p. 
505 0 |a El marco global de la produccion de carne vacuna en el Rio de la Plata; La industria de la carne en el Uruguay; La industria exportadora argentina 
653 |a Apicultura 
653 |a Avicultura 
653 |a Cunicultura 
653 |a Ganado bovino 
653 |a Ganado ovino 
859 |a CEMS  |b BIB. CEMS - 11 de abril  |h 338.1  |i Ay14  |p 11493.82  |t Ej.1